[Event "London Classic 2nd"]
[Site "London"]
[Date "2010.12.12"]
[Round "5"]
[White "Adams, Michael"]
[Black "Kramnik, Vladimir"]
[Result "1/2-1/2"]
[WhiteElo "2723"]
[BlackElo "2791"]
[Annotator "Kritz,L"]
[PlyCount "89"]
[EventDate "2010.12.06"]
[EventType "tourn"]
[EventRounds "7"]
[EventCountry "ENG"]
[EventCategory "19"]
[SourceTitle "CBM 140"]
[Source "ChessBase"]
[SourceDate "2011.01.18"]
[SourceVersion "1"]
[SourceVersionDate "2011.01.18"]
[SourceQuality "1"]

1. e4 e5 2. Nf3 Nc6 3. Bb5 Nf6 {Die Berliner Mauer ist eine der solidesten
Eröffnungen gegen 1.e4 überhaupt.} 4. d3 {Weiß wählt die populärste
Nebenvariante.} (4. Nc3 {führt zum Übergang ins Vierspringer-Spiel.} Bb4 (4...
Nd4 $5 {ist ebenfalls spielbar.}) 5. O-O O-O 6. d3 d6 7. Bg5 Bxc3 8. bxc3 Qe7
9. Re1 h6 10. Bh4 a6 11. Bxc6 (11. Ba4 Nd8 $15 {Der weiße Läufer auf a4 steht
sehr schlecht.}) 11... bxc6 12. d4 Bg4 13. Qd3 Bxf3 14. Qxf3 g5 15. Bg3 Nd7 $11
{Shirov - Erenburg (Sochi, 2006)}) (4. Qe2 {Eine weitere Nebenvariante, die
jedoch sehr selten anzutreffen ist.} Bc5 5. c3 O-O 6. d3 d6 $11 {Man kommt in
eine typische Stellung hinein, wo der Zug Qe2 wenig Sinn macht.}) 4... Bc5 {
Die prinzipiellste Fortsetzung. Eine gute Alternative ist 4...d6.} (4... d6 5.
c3 (5. O-O Bd7 6. c3 g6 7. Re1 Bg7 {->5.c3}) 5... g6 6. O-O Bg7 7. Re1 O-O 8.
Nbd2 Bd7 (8... a6 $5 9. Bxc6 bxc6 10. Nf1 (10. d4 $5 Nd7 $132) 10... c5 11. Ng3
Nd7 $132 {Zhang Pengxiang - Harikrishna (Tiayuan, 2005)}) 9. Nf1 (9. Ba4 Nh5
10. Nf1 Kh8 11. Bg5 Qe8 12. Ne3 f6 13. Bh4 Nd4 14. Bxd7 Nxf3+ 15. Qxf3 Qxd7 $11
{Nepomniachtchi - Krasenkow (Wijk aan Zee, 2008)}) 9... Nh5 10. Ng3 (10. Ne3
Nf4 11. a4 f5 12. Bc4+ Kh8 13. Nd5 fxe4 14. dxe4 Bg4 $15 {Chadaev -
Aleksandrov (Moscow, 2009)}) 10... Nf4 11. d4 a6 12. Ba4 b5 13. Bb3 Na5 14. Bc2
c5 $132 {Erdogdu - Aleksandrov (Budva, 2009)}) 5. c3 (5. Bxc6 dxc6 6. Be3 (6.
Nxe5 $4 Qd4 7. Be3 Qxe5 8. d4 Qxe4 9. dxc5 Qxg2 $19) 6... Bd6 $1 {Der beste
Weg zum Ausgleich.} 7. h3 c5 8. Nbd2 Nd7 9. Nc4 O-O $11 {Perunovic - Fressinet
(Budva, 2009)}) (5. Nc3 d6 6. Na4 Bb6 7. O-O Bd7 8. c3 Ne7 9. Nxb6 axb6 10.
Bxd7+ Qxd7 11. Bg5 Ng6 12. Bxf6 gxf6 13. Nd2 f5 $11 {Carlsen - Wang Yue (Baku,
2008)}) 5... O-O 6. O-O (6. Bg5 d6 7. Nbd2 Bd7 $1 {Meiner Meinung nach ist das
die beste Fortsetzung.} 8. Ba4 h6 9. Bh4 g5 10. Bg3 Nh5 11. d4 exd4 12. Bxc6
bxc6 13. Nxd4 Nxg3 14. hxg3 Qf6 15. Qh5 Kg7 16. O-O-O Rae8 $132 {Azarov -
Georgiev (Dresden, 2007)}) 6... d6 7. Nbd2 a6 8. Ba4 b5 {Bis jetzt hat Kramnik
immer 8...Ba7 gespielt. Der Partiezug ist auch gut. Was immer Schwarz macht,
die Stellung bleibt im Gleichgewicht.} (8... Ba7 9. h3 Ne7 10. Re1 Ng6 11. Nf1
b5 12. Bb3 Re8 13. Ng3 (13. a4 Bb7 14. Be3 Bxe3 15. Nxe3 h6 16. Nh2 d5 17. axb5
axb5 18. Rxa8 Bxa8 $11 {Leko - Kramnik (Moscow, 2007)}) 13... Bb7 14. Be3 Bxe3
15. fxe3 d5 $11 {Anand - Kramnik (Moscow, 2007)}) 9. Bb3 {Der bessere Abzug -
der Läufer steht auf b3 viel aktiver. Wenn Schwarz versucht, ihn mittels Na5
zu vertreiben, wird sein Springer im Abseits stehen.} (9. Bc2 d5 $1 {Wenn man
die Gelegenheit hat, d5 zu spielen, muss man sie nutzen!} 10. Nxe5 (10. exd5
Nxd5 11. Re1 Re8 $11) 10... Nxe5 11. d4 Bd6 12. dxe5 Bxe5 13. Nf3 (13. f4 Bd6
14. e5 Bc5+ 15. Kh1 Ng4 $15) 13... Bg4 14. exd5 Bxf3 15. Qxf3 Qxd5 16. Qh3 (16.
Qxd5 Nxd5 17. Be4 Rad8 $11) 16... Rfe8 17. Rd1 Qc6 18. Bg5 h6 $11 {Polgar -
Bacrot (Rishon Le Ziyyon 2006)}) 9... Bb6 {Der Läufer zieht sich zurück, damit
Weiß später kein Tempo gewinnen kann, falls er d4 spielt.} 10. Re1 Ne7 (10...
Na5 $2 {Das sieht wie die Chigorin-Variante aus, doch überraschender Weise
steht der schwarze Läufer auf b6 schlechter als auf e7:} 11. Bc2 c5 12. Nf1 Nc6
13. Bg5 $14 {Im weiteren Verlauf kann Weiß auf f6 nehmen, Ne3-Bb3 spielen, und
das Feld d5 unter Kontrolle nehmen, was ihm stabilen Vorteil garantieren wird.}
) 11. Nf1 Ng6 12. Ng3 {Wie man sieht, ist die Stellung fast symmetrisch, mit
dem Unterschied, dass Schwarz statt c6, a6-b5 gezogen hat.} Re8 ({Auch gut ist
} 12... Be6 13. h3 Qd7 14. Nh2 c5 15. Bg5 Ne8 16. Qf3 Nc7 17. Nf5 f6 18. Bd2 d5
$132 {Dominguez Perez - Anand (Moscow, 2009)}) 13. Ng5 Nh8 {Das sieht sehr
komisch aus, doch nach zwei Zügen kehrt der Springer zurück.} (13... Re7 14.
Nf5 Bxf5 15. exf5 $14) 14. d4 {Weiß muss den Raum im Zentrum okkupieren.} h6
15. Nf3 Ng6 {Der Springer ist zurück.} 16. h3 {Weiß muss das Feld g4 unter
Kontrolle nehmen, sonst kann Schwarz früher oder später Bg4 spielen und den
Druck gegen das weiße Zentrum erhöhen.} Bb7 17. Bc2 {Der Bauer e4 hängt, Weiß
hat nichts Besseres. Die Stellung vereinfacht sich nun.} (17. d5 c6 $1 18. dxc6
Bxc6 $132 {Könnte Weiß nun Bg5 spielen, würde er in Vorteil kommen, doch da
ihm das Feld g5 nicht zur Verfügung steht, kommt Schwarz leicht zu d5 und
bekommt gutes Spiel.}) 17... d5 $1 {Schwarz hat überhaupt keine
Schwierigkeiten.} 18. Nxe5 (18. exd5 exd4 19. Rxe8+ Qxe8 20. Nxd4 Nxd5 $11)
18... Nxe5 (18... Nxe4 $2 19. Nxg6 Nxg3 20. fxg3 fxg6 (20... Rxe1+ 21. Qxe1
fxg6 22. Qe6+ $18) 21. Bxg6 $18) 19. dxe5 Nxe4 20. Nxe4 dxe4 21. Qh5 (21. Qxd8
$2 Raxd8 22. Bf4 (22. Bxe4 Bxe4 (22... Rxe5 23. Bh7+ Kxh7 24. Rxe5 Rd1+ 25. Kh2
Bxf2 $15) 23. Rxe4 Rd1+ 24. Kh2 Bxf2 $19) 22... g5 23. Bg3 Rd2 $17) 21... g6
22. Qxh6 Rxe5 $11 {Der schwarze Bauer e4 ist eher Stärke als Schwäche.} 23. Be3
$1 {Weiß würde gerne die schwarzfeldrigen Läufer tauschen und danach den
Bauern e4 angreifen, doch hat Schwarz gutes Gegenspiel.} Qf6 24. Rad1 (24. Bxb6
Qxb6 25. Re3 Rd8 26. Rae1 Rd2 $11 {Die schwarz Stellung ist in Ordnung.}) 24...
Rae8 25. Bb3 Bc8 $1 {Man muss die Wirkung des Läufers b3 neutralisieren.
Schwarz will Be6 spielen.} 26. Bxb6 Qxb6 27. Qf4 Rf5 28. Qg3 Qf6 29. Rd5 (29.
Rd4 Rfe5 $11) 29... Ree5 30. Rxe5 (30. Rd4 Rg5 31. Qe3 c5 32. Rxe4 Rxe4 33.
Qxe4 Bxh3 $11) 30... Rxe5 31. f4 $6 {Das schwächt den König und macht aus dem
Bauer e4 einen Freibauer. Wenn man auf Gewinn spielen wollte, sollte man es
mit langsamen Zügen versuchen, wobei die Stellung natürlich völlig
ausgeglichen ist.} Re8 32. Qe3 Be6 {Forciert Remis.} 33. Qxe4 Bd7 34. Qb1 Rxe1+
35. Qxe1 Qxf4 36. Qf2 Qc1+ $1 {Richtige Entscheidung! Das Läuferendspiel ist
zu weißem Vorteil.} (36... Qxf2+ 37. Kxf2 Kg7 38. Ke3 Kf6 39. Kd4 $16) 37. Kh2
Bf5 38. Qg3 (38. g4 Be6 39. Bxe6 fxe6 $11 {Die Verschlechterung der schwarzen
Struktur macht nichts - der weiße König wurde durch den Zug g4 ebenfalls
geschwächt.}) 38... Qxb2 39. Qe5 Qa3 {Es drohte Qe8.} 40. Qxc7 Be6 41. Qd8+ Kg7
42. Qd4+ Kg8 43. Qd8+ {Der Läufertausch bringt nichts.} (43. Bxe6 fxe6 44. Qf6
Qd6+ 45. Kg1 Kh7 $11) 43... Kg7 44. Qd4+ Kg8 45. Qd8+ 1/2-1/2

[Event "EU-ch 13th"]
[Site "Plovdiv"]
[Date "2012.03.31"]
[Round "11"]
[White "Sjugirov, Sanan"]
[Black "Bacrot, Etienne"]
[Result "1/2-1/2"]
[WhiteElo "2610"]
[BlackElo "2706"]
[Annotator "Kritz,L"]
[PlyCount "88"]
[EventDate "2012.03.20"]
[EventType "swiss"]
[EventRounds "11"]
[EventCountry "BUL"]
[SourceTitle "CBM 148"]
[Source "ChessBase"]
[SourceDate "2012.05.16"]
[SourceVersion "1"]
[SourceVersionDate "2012.05.16"]
[SourceQuality "1"]

1. e4 e5 2. Nf3 Nc6 3. Bb5 Nf6 4. d3 Bc5 {Die Alternative ist 4...d6:} (4... d6
5. O-O Bd7 {Der stärkste Zug.} 6. d4 {Sonst wird Weiß gezwungen, Spanisch mit
d3 zu spielen.} Nxe4 {Nach langer, forcierter Variante ensteht eine ungefähr
gleiche Stellung.} 7. Re1 Nf6 8. Bxc6 Bxc6 9. dxe5 dxe5 10. Qxd8+ Kxd8 11. Nxe5
Bd5 12. Nc3 Be6 13. Nb5 Bc5 14. Bg5 c6 15. Rad1+ Ke7 16. Nc7 Rad8 17. Nd3 Bb6
18. Nxe6 fxe6 $11 {Smirin - Postny (Israel, 2012)}) 5. c3 O-O 6. O-O d5 $5 {
Schwarz will nicht passiv spielen, doch es ist fraglich ob dieser Zug wirklich
spielbar ist.} 7. exd5 $2 {So kann man eine verdächtige Variante nicht
widerlegen, man muss prinzipiell spielen.} (7. Bxc6 $1 {Das ist die
prinzipielle Fortsetzung.} bxc6 8. Nxe5 dxe4 9. d4 Bb6 10. Nxc6 Qe8 11. Ne5 c5
$14 {Schwarz hat eine gewisse Kompensation, aber ob die ausreichend ist, ist
fraglich. Ich denke, Weiß steht doch besser.}) 7... Qxd5 {Es droht Bxf2!} 8.
Bc4 (8. Re1 $2 Bxf2+ 9. Kxf2 Qxb5 $19) 8... Qd8 9. b4 Bd6 10. Re1 h6 11. Nbd2
Re8 {Offensichtlich hat Schwarz alles richtig gemacht. Seine einzige Schwäche,
der Bauer e5, ist gut gedeckt, und Weiß hat keinen richtigen Plan. Man kann
eindeutig sagen, dass Schwarz ausgeglichen hat.} 12. a4 {Weiß versucht, eine
Initiative am Damenflügel zu entwickeln.} Bf5 $5 {Ein interessantes Manöver.} (
12... a6 $2 {Ein solcher Zug führt nur zur Schwächung des Damenflügels.} 13.
Bb2 Rb8 14. Qb3 Re7 15. Ne4 Nxe4 16. dxe4 b5 17. Bd5 Be6 18. axb5 axb5 19. Ra6
$36 {und Weiß hatte eine unangenehme Initiative in Adams-Buhmann 
(Khanty-Mansiysk, 2010)}) (12... Be6 {ist ebenfalls spielbar.} 13. Qb3 Qd7 14.
a5 a6 15. Ne4 Nxe4 16. dxe4 Bxc4 17. Qxc4 Bf8 18. Ra2 Rad8 19. Rd2 Qe6 $11 {
Antoniewski - Neubauer (Slovakia, 2011)}) 13. Ne4 Be6 {Die Idee von Schwarz
ist es, so viele Figuren wie möglich zu tauschen. Jetzt wird der weiße Läufer
und Springer getauscht.} 14. Bxe6 Rxe6 15. b5 (15. Nxd6 cxd6 16. b5 Ne7 {
und die Stellung von Schwarz kann nur besser sein.}) 15... Nb8 {Der beste Zug.}
(15... Na5 16. Bd2 $14 {Der Springer am Brettrand sieht nicht gut aus.}) (15...
Ne7 $2 16. Nxf6+ Rxf6 17. Nxe5 Bxe5 18. Rxe5 Rd6 19. d4 $18) 16. Nxd6 cxd6 {
Schwarz muss mit dem Bauer nehmen.} (16... Qxd6 17. Ba3 c5 18. bxc6 Qxc6 19.
Rxe5 Rxe5 20. Nxe5 Qxc3 21. Nc4 $36) 17. c4 Nbd7 18. Ba3 Qc7 {Logischer sieht
18...Rc8 aus.} (18... Rc8 19. Rc1 Nc5 20. d4 exd4 21. Rxe6 fxe6 22. Nxd4 Qe7
$11) 19. Rc1 {Nichts bringt die Idee, den Springer nach f5 zu stellen.} (19.
Nh4 Kh7 $1 20. Nf5 g6 {und der Springer muss wieder weg.} 21. Ne3 Rc8 $11)
19... Nc5 20. d4 {Das ist die einzige aktive Idee von Weiß in der Stellung.}
exd4 21. Rxe6 fxe6 (21... Nxe6 $2 22. Nxd4 $16 {Weiß hat großen Vorteil Dank
der Schwäche des Bauerns d6.}) 22. Nxd4 Re8 23. Qc2 Qf7 24. Rd1 Rc8 25. f3 $2 {
Ein schlechter Zug. Zwar erhält Weiß die Kontrolle über das Feld e4, aber er
schwächt seinen König.} Nfd7 26. Ne2 $2 {Weiß sollte versuchen, ein Paar
Springer zu tauschen, um seinen Läufer zu beleben.} (26. Nb3 Nxb3 27. Qxb3 Ne5
28. Bxd6 Nxc4 29. Bg3 $14 {mit etwas besseren Chancen für Weiß.}) 26... Qe7 27.
Bb2 Ne5 $1 {Sehr stark gespielt!} 28. Bxe5 dxe5 {Schwarz hat Kontrolle über
alle zentralen Felder. Die Bauernmehrheit am Damenflügel spielt keine Rolle,
weil der Springer c5 ideal steht.} 29. a5 Rd8 30. g3 $2 {Weiß spielt ziemlich
schwach. Stärker wäre 30.h3.} (30. h3 $11) 30... Qc7 $1 {Nun ist Weiß
gezwungen, die d-Linie aufzugeben.} 31. Rxd8+ Qxd8 32. Qc3 e4 $1 {Schwarz
nutzt die Schwächen aus, die Weiß sich selbst gemacht hat.} 33. Kf2 (33. Kg2
Qd1 34. Ng1 Nb3 35. fxe4 Nd4 36. Qe3 Qc2+ 37. Kh1 Qxc4 $17) 33... exf3 $2 {
Schwarz lässt den Vorteil aus.} (33... Nd3+ 34. Ke3 (34. Kg2 Qf8 $1 35. f4 e5
$17) 34... Qg5+ 35. f4 (35. Nf4 e5 36. fxe4 Nc5 $19) 35... Qh5 36. Qc2 Qf3+ 37.
Kd4 Qg2 $17) 34. Kxf3 b6 35. a6 $2 {Weiß greift fehl. Er musste auf b6 nehmen,
so dass der Springer c5 nicht gedeckt bleibt.} (35. axb6 Qa8+ (35... axb6 36.
Qd4 Qa8+ 37. Kf2 $11) 36. b7 $1 Qxb7+ 37. Ke3 Qe4+ 38. Kd2 $15 {Die schwarze
Stellung ist etwas angenehmer, aber Weiß wird sich wohl halten können.}) 35...
Qa8+ 36. Ke3 Qe4+ 37. Kd2 e5 38. h4 Kf7 $2 {Stärker ist ...Kh8 - einfach
abwarten!} (38... Kh8 $1 39. Qe3 Qxc4 40. Qxe5 Qxb5 $17) 39. Qe3 Qxc4 40. Qxe5
{Nun ist die Stellung remis.} Qd3+ (40... Qxb5 41. Qf5+ Ke7 42. Qe5+ $11) 41.
Ke1 Qb1+ 42. Kd2 Qd3+ 43. Ke1 Qb1+ 44. Kd2 Qd3+ 1/2-1/2

[Event "Biel GM 42nd"]
[Site "Biel"]
[Date "2009.07.23"]
[Round "4"]
[White "Vachier Lagrave, Maxime"]
[Black "Alekseev, Evgeny V"]
[Result "1/2-1/2"]
[WhiteElo "2703"]
[BlackElo "2714"]
[Annotator "Kritz,L"]
[PlyCount "38"]
[EventDate "2009.07.19"]
[EventType "tourn"]
[EventRounds "10"]
[EventCountry "SUI"]
[EventCategory "19"]
[SourceTitle "CBM 132"]
[Source "ChessBase"]
[SourceDate "2009.09.16"]
[SourceVersion "1"]
[SourceVersionDate "2009.09.16"]
[SourceQuality "1"]

1. e4 e5 2. Nf3 Nc6 3. Bb5 Nf6 {Die Berliner Mauer ist eine der solidsten
Eröffnungen gegen 1.e4 überhaupt.} 4. d3 {Weiß wählt die populärste
Nebenvariante. Das in der Hauptvariante entstehende Endspiel ist sehr zähe und
objektiv gesehen ausgeglichen.} (4. O-O Nxe4 5. d4 Nd6 6. Bxc6 dxc6 7. dxe5 Nf5
8. Qxd8+ Kxd8 9. Nc3 Ke8 10. h3 Be7 $11 {Schwarz hat auch andere Möglichkeiten,
diese ist jedoch meiner Meinung nach die beste im Ausgleichssinne.}) (4. Qe2 {
Eine weitere Nebenvariante, die jedoch sehr selten zu treffen ist.} Bc5 5. c3
O-O 6. d3 d6 $11 {Man kommt in eine typische Stellung hinein, wo der Zug Qe2
wenig Sinn macht.}) 4... Bc5 {Die prinzipiellste Fortsetzung. Eine gute
Alternative ist 4....d6.} (4... d6 5. c3 (5. O-O Bd7 6. c3 g6 7. Re1 Bg7 {
-> 5.c3}) 5... g6 6. O-O Bg7 7. Re1 O-O 8. Nbd2 Bd7 (8... a6 $5 9. Bxc6 bxc6
10. Nf1 (10. d4 $5 Nd7 $132) 10... c5 11. Ng3 Nd7 $132 {Zhang Pengxiang -
Harikrishna (Tiayuan, 2005)}) 9. Nf1 (9. Ba4 Nh5 10. Nf1 Kh8 11. Bg5 Qe8 12.
Ne3 f6 13. Bh4 Nd4 14. Bxd7 Nxf3+ 15. Qxf3 Qxd7 $11 {Nepomniachtchi -
Krasenkow (Wijk aan Zee, 2008)}) 9... Nh5 10. Ng3 (10. Ne3 Nf4 11. a4 f5 12.
Bc4+ Kh8 13. Nd5 fxe4 14. dxe4 Bg4 $15 {Chadaev - Aleksandrov (Moscow, 2009)})
10... Nf4 11. d4 a6 12. Ba4 b5 13. Bb3 Na5 14. Bc2 c5 $132 {Erdogdu -
Aleksandrov (Budva, 2009)}) 5. c3 {Weiß hat mehrere Möglichkeiten, jedoch
keine davon bringt ihm einen Eröffnungsvorteil.} (5. Bxc6 dxc6 6. Be3 (6. Nxe5
$4 Qd4 7. Be3 Qxe5 8. d4 Qxe4 9. dxc5 Qxg2 $19) 6... Bd6 $1 {Der beste Weg zum
Ausgleich.} 7. h3 c5 8. Nbd2 Nd7 9. Nc4 O-O $11 {Perunovic - Fressinet (Budva,
2009)}) (5. Nc3 d6 6. Na4 Bb6 7. O-O Bd7 8. c3 Ne7 9. Nxb6 axb6 10. Bxd7+ Qxd7
11. Bg5 Ng6 12. Bxf6 gxf6 13. Nd2 f5 $11 {Carlsen - Wang Yue (Baku, 2008)}) (5.
O-O d6 6. c3 O-O 7. Nbd2 a6 8. Ba4 Ba7 9. h3 Ne7 10. Re1 Ng6 11. Nf1 b5 12. Bb3
Re8 13. Ng3 (13. a4 Bb7 14. Be3 Bxe3 15. Nxe3 h6 16. Nh2 d5 17. axb5 axb5 18.
Rxa8 Bxa8 $11 {Leko - Kramnik (Moscow, 2007)}) 13... Bb7 14. Be3 Bxe3 15. fxe3
d5 $11 {Anand - Kramnik (Moscow, 2007)}) 5... O-O 6. Bg5 (6. O-O {-> 5.0-0})
6... d6 7. Nbd2 Bb6 ({Schwarz kann auch aktiv spielen:} 7... h6 8. Bh4 g5 9.
Bg3 Nh5 10. Bxc6 bxc6 11. d4 exd4 12. Nxd4 Nxg3 13. hxg3 Qf6 14. N2b3 Bb6 $132
{Svidler - Ivanchuk (Sochi, 2008)}) (7... Bd7 $1 {Meiner Meinung nach ist das
die beste Fortsetzung.} 8. Ba4 h6 9. Bh4 g5 10. Bg3 Nh5 11. d4 exd4 12. Bxc6
bxc6 13. Nxd4 Nxg3 14. hxg3 Qf6 15. Qh5 Kg7 16. O-O-O Rae8 $132 {Azarov -
Georgiev (Dresden, 2007)}) 8. Nc4 Ne7 {Ein neuer Zug. Man kann ihn jedoch
nicht als Neuerung bezeichnen, die Stellung ist dermaßen ausgeglichen, dass
Schwarz einfach viele Möglichkeiten hat.} (8... Nb8 9. Nxb6 axb6 10. O-O h6 11.
Bh4 Bd7 12. Bc4 Be6 13. Bxe6 fxe6 $11 {Akopian - Fressinet (Paris, 2009)}) 9.
Ba4 ({Zu nichts führt das Nehmen auf f6:} 9. Bxf6 gxf6 10. O-O f5 11. Qd2 Ng6
12. Qh6 Qf6 $132) (9. Nh4 d5 $1 (9... Bxf2+ $2 10. Kxf2 c6 11. Ba4 b5 12. Bxf6
gxf6 13. Bxb5 $1 cxb5 14. Ne3 f5 15. Nhxf5 Nxf5 16. exf5 Qh4+ 17. g3 $16) 10.
Nxb6 (10. Nxe5 c6 11. Ba4 Nxe4 12. dxe4 f6 $17) 10... axb6 11. Bxf6 gxf6 12.
exd5 Qxd5 13. Bc4 Qc6 $15) 9... Ng6 {Nun hat Schwarz überhaupt keine Probleme.
Die Fesselung löst er demnächst mittels ...h6 auf; das weiße Läuferpaar hat
keine so große Bedeutung, weil die Stellung relativ geschlossen ist. Dazu hat
Schwarz genug Zeit, um das Zentrum zu okkupieren.} 10. h3 $6 {Sehr langsam,
Weiß spielt planlos.} (10. O-O h6 11. Bd2 Be6 12. Re1 c6 13. Nxb6 axb6 $11)
10... h6 11. Nxb6 $2 {Das ist schon ein grober Fehler. Weiß hätte den Druck
gegen den Bauern e5 erhalten sollen.} (11. Be3 {füehrt am einfachsten zum
Ausgleich, alle anderen Züge sind wesentlich schlechter.} d5 (11... Bxe3 12.
Nxe3 Nf4 13. O-O $11) 12. exd5 Nxd5 13. O-O Be6 14. Re1 $11) (11. Bd2 $2 d5 12.
Ncxe5 dxe4 13. Nxg6 fxg6 14. dxe4 Nxe4 15. Be3 (15. O-O $4 Rxf3 $19) 15... Qe7
$17) (11. Bxf6 $2 Qxf6 12. g3 c6 13. Nxb6 axb6 14. Bb3 Be6 $17) 11... axb6 12.
Be3 d5 $1 {Schwarz hat alles, wovon man in dieser Variante träumen kann.} 13.
Bc2 (13. exd5 Nxd5 14. O-O Bf5 $17 {Der Bauer d3 ist sehr schwach.}) 13... c5 (
13... dxe4 $6 {Schwarz besitzt zwar eine vorläufige Initiative, kann aber
nicht wirklich viel daraus holen.} 14. dxe4 Qxd1+ 15. Kxd1 Bd7 16. Nd2 Nh4 17.
Rg1 (17. g3 Ng2 $15) 17... Rfd8 18. Ke2 Bb5+ 19. c4 Ba4 20. b3 Bc6 21. a4 $11)
14. O-O Be6 {Schwarz spielt genau richtig - er vollendet die Entwicklung und
verbessert die Lage seiner Figuren.} 15. a3 Qc7 {Wenn Weiß länger wartet, dann
kommen die schwarzen Türme auf die zentralen Linien und die weiße Lage wird
sehr kritisch.} 16. exd5 (16. Re1 Rfd8 $17) 16... Bxd5 (16... Nxd5 $5 {war
ebenfalls stark genug.} 17. Qd2 f5 18. c4 Nf6 19. Qe2 Rfe8 $15) 17. Rc1 Rfe8
18. d4 e4 19. Nd2 c4 {Das Remisangebot von Schwarz kann man nur so erklären,
dass Alekseev nicht gewinnen wollte... Ansonsten ist es nicht zu verstehen,
wie man in solch einer hervorragenden Stellung Remis anbieten kann. Dem
schwarzen Plan Nh7-f5-f4 hat Weiß sehr wenig entgegenzusetzen.} 1/2-1/2